[Event "PMPJ 2022 - C17"]
[Site "Jastrzebia Gora"]
[Date "2022.11.10"]
[Round "7.20"]
[White "Czarniecki, Pawel"]
[Black "Grochowski, Adam"]
[Result "1-0"]
[BlackElo "1204"]
[WhiteElo "1524"]
[LiveChessVersion "1.4.8"]

1. e4 c5 {[%clk 1:30:58]} 2. Nf3 {[%clk 1:31:23]} Nc6 {[%clk 1:31:19]} 3. d4
{[%clk 1:31:43]} cxd4 {[%clk 1:31:43]} 4. Nxd4 {[%clk 1:32:10]} a6
{[%clk 1:31:43]} 5. Be3 {[%clk 1:31:49]} Nf6 {[%clk 1:30:35]} 6. Nc3
{[%clk 1:31:44]} e6 {[%clk 1:29:31]} 7. a3 {[%clk 1:30:26]} Be7 {[%clk 1:28:40]}
8. Be2 {[%clk 1:29:52]} O-O {[%clk 1:28:57]} 9. O-O {[%clk 1:30:15]} b5
{[%clk 1:28:47]} 10. f4 {[%clk 1:29:24]} Bc5 {[%clk 1:26:47]} 11. Kh1
{[%clk 1:28:33]} Nxd4 {[%clk 1:26:46]} 12. Bxd4 {[%clk 1:28:55]} Bxd4
{[%clk 1:27:02]} 13. Qxd4 Rb8 {[%clk 1:19:51]} 14. e5 {[%clk 1:26:08]} Ne8
{[%clk 1:20:06]} 15. Rad1 {[%clk 1:25:30]} Qb6 {[%clk 1:18:30]} 16. Qd3
{[%clk 1:25:28]} f5 {[%clk 1:18:13]} 17. b4 {[%clk 1:23:57]} Nc7 {[%clk 1:13:43]}
18. Bf3 {[%clk 1:20:33]} Rd8 {[%clk 1:12:08]} 19. g4 {[%clk 1:14:31]} fxg4
{[%clk 1:08:32]} 20. Bxg4 {[%clk 1:14:47]} Bb7+ {[%clk 1:08:46]} 21. Bf3
{[%clk 1:15:10]} Bxf3+ {[%clk 1:07:07]} 22. Rxf3 {[%clk 1:14:38]} Ne8
{[%clk 1:05:42]} 23. Ne4 {[%clk 1:11:05]} Rbc8 {[%clk 1:04:16]} 24. Ng5
{[%clk 1:06:57]} g6 {[%clk 1:01:20]} 25. Nxh7 {[%clk 1:00:33]} Qc6
{[%clk 0:56:10]} 26. Qxg6+ {[%clk 1:00:44]} Kh8 {[%clk 0:56:08]} 27. Ng5
{[%clk 1:00:57]} 1-0

[Event "PMPJ 2022 - C17"]
[Site "Jastrzebia Gora"]
[Date "2022.11.10"]
[Round "7.21"]
[White "Grzechowiak, Kacper"]
[Black "Borzecki, Jakub"]
[Result "1/2-1/2"]
[BlackElo "1179"]
[WhiteElo "1448"]
[LiveChessVersion "1.4.8"]

1. e4 {[%clk 1:30:54]} e6 {[%clk 1:30:55]} 2. d4 {[%clk 1:30:38]} d5
{[%clk 1:31:13]} 3. Bd3 {[%clk 1:31:05]} c5 {[%clk 1:31:23]} 4. c3
{[%clk 1:31:28]} Bd7 {[%clk 1:30:10]} 5. Ne2 {[%clk 1:31:38]} dxe4
{[%clk 1:30:20]} 6. Bxe4 {[%clk 1:32:00]} Bc6 {[%clk 1:30:39]} 7. Bxc6+
{[%clk 1:30:42]} Nxc6 {[%clk 1:30:52]} 8. O-O {[%clk 1:31:08]} Nf6
{[%clk 1:29:05]} 9. f4 {[%clk 1:24:49]} cxd4 {[%clk 1:20:44]} 10. cxd4
{[%clk 1:24:17]} Be7 {[%clk 1:20:05]} 11. Nbc3 {[%clk 1:20:21]} O-O
{[%clk 1:17:48]} 12. Kh1 {[%clk 1:19:22]} Qd7 {[%clk 1:12:30]} 13. Be3
{[%clk 1:17:22]} Rfd8 {[%clk 1:10:03]} 14. Qd2 {[%clk 1:16:13]} Bb4
{[%clk 1:05:34]} 15. Rad1 {[%clk 1:13:00]} Rac8 {[%clk 1:03:20]} 16. a3
{[%clk 1:08:37]} Bxc3 {[%clk 1:02:21]} 17. Nxc3 {[%clk 1:08:29]} Nd5
{[%clk 0:56:28]} 18. Bg1 {[%clk 1:03:39]} Nxc3 {[%clk 0:56:35]} 19. bxc3
{[%clk 1:04:06]} Ne7 {[%clk 0:54:41]} 20. Rf3 {[%clk 0:57:11]} Qa4
{[%clk 0:44:58]} 21. Rb1 {[%clk 0:47:40]} b6 {[%clk 0:43:06]} 22. Qb2
{[%clk 0:45:40]} Rc4 {[%clk 0:35:29]} 23. Bf2 {[%clk 0:38:47]} Rdc8
{[%clk 0:34:53]} 24. Be1 {[%clk 0:38:42]} Nf5 {[%clk 0:29:32]} 25. Kg1
{[%clk 0:32:31]} Qc6 {[%clk 0:27:49]} 26. Rd1 {[%clk 0:25:03]} Qe4
{[%clk 0:26:22]} 27. Qf2 {[%clk 0:22:10]} Ne7 {[%clk 0:25:25]} 28. Rdd3
{[%clk 0:14:09]} Ra4 {[%clk 0:24:31]} 29. Rfe3 {[%clk 0:13:23]} Qf5
{[%clk 0:21:55]} 30. Qf3 {[%clk 0:02:57]} Nd5 {[%clk 0:20:44]} 31. Re4
{[%clk 0:01:46]} Rxa3 {[%clk 0:20:02]} 32. g4 {[%clk 0:01:54]} Qg6
{[%clk 0:19:54]} 33. Kf1 {[%clk 0:01:23]} Nf6 {[%clk 0:15:10]} 34. f5
{[%clk 0:01:52]} exf5 {[%clk 0:15:24]} 35. gxf5 {[%clk 0:02:17]} Qh5
{[%clk 0:15:38]} 36. Qxh5 {[%clk 0:02:08]} Nxh5 {[%clk 0:16:06]} 37. d5
{[%clk 0:02:37]} Nf6 {[%clk 0:15:59]} 38. Re7 {[%clk 0:02:58]} Rd8
{[%clk 0:16:14]} 39. d6 {[%clk 0:03:05]} Ra5 {[%clk 0:15:58]} 40. Kg1
{[%clk 0:02:09]} Kf8 {[%clk 0:12:28]} 41. Rb7 {[%clk 0:01:30]} Rd5
{[%clk 0:11:30]} 42. Rxd5 {[%clk 0:01:16]} Nxd5 43. c4 Ne3 {[%clk 0:11:33]} 44.
d7 {[%clk 0:01:03]} Nxf5 {[%clk 0:08:23]} 45. Bb4+ {[%clk 0:01:02]} Ne7
{[%clk 0:08:52]} 46. Rxa7 {[%clk 0:00:57]} f6 {[%clk 0:09:05]} 47. Rb7
{[%clk 0:00:43]} Kf7 {[%clk 0:09:25]} 48. Bxe7 {[%clk 0:00:46]} Kxe7
{[%clk 0:09:53]} 49. Rxb6 {[%clk 0:01:10]} Rxd7 {[%clk 0:10:05]} 50. Kf2
{[%clk 0:01:03]} Rc7 {[%clk 0:10:35]} 51. Ke3 {[%clk 0:01:15]} Rxc4
{[%clk 0:10:53]} 52. Rb7+ {[%clk 0:01:18]} Ke6 {[%clk 0:11:22]} 53. Rxg7
{[%clk 0:01:41]} Rh4 {[%clk 0:11:46]} 54. Rg2 {[%clk 0:01:59]} Ke5
{[%clk 0:11:44]} 55. Kf3 {[%clk 0:01:48]} Kf5 {[%clk 0:12:11]} 56. Ra2
{[%clk 0:02:03]} 1/2-1/2

[Event "PMPJ 2022 - C17"]
[Site "Jastrzebia Gora"]
[Date "2022.11.10"]
[Round "7.22"]
[White "Haluja, Wiktor"]
[Black "Bujnowski, Adam"]
[Result "1-0"]
[BlackElo "1130"]
[WhiteElo "1435"]
[LiveChessVersion "1.4.8"]

1. e4 {[%clk 1:30:58]} c5 {[%clk 1:30:55]} 2. Nf3 {[%clk 1:31:25]} e6
{[%clk 1:31:19]} 3. d4 {[%clk 1:31:51]} cxd4 {[%clk 1:31:44]} 4. Nxd4
{[%clk 1:32:17]} a6 {[%clk 1:31:57]} 5. c4 {[%clk 1:32:38]} Nc6 {[%clk 1:32:16]}
6. Nc3 {[%clk 1:32:53]} Qc7 {[%clk 1:32:15]} 7. Be3 {[%clk 1:33:01]} Nf6
{[%clk 1:32:31]} 8. Be2 {[%clk 1:32:49]} Bb4 {[%clk 1:32:39]} 9. f3
{[%clk 1:33:06]} O-O {[%clk 1:31:42]} 10. O-O {[%clk 1:33:30]} Bxc3
{[%clk 1:30:44]} 11. bxc3 {[%clk 1:32:53]} d5 {[%clk 1:30:36]} 12. Nxc6
{[%clk 1:24:18]} bxc6 {[%clk 1:29:15]} 13. Qc2 {[%clk 1:15:38]} Bb7
{[%clk 1:27:39]} 14. Rab1 {[%clk 1:13:11]} dxe4 {[%clk 1:24:23]} 15. fxe4
{[%clk 1:12:07]} c5 {[%clk 1:20:11]} 16. Bf4 {[%clk 1:01:21]} Bxe4
{[%clk 1:13:18]} 17. Qxe4 {[%clk 0:59:28]} Nxe4 {[%clk 1:13:45]} 18. Bxc7
{[%clk 0:59:47]} Nxc3 {[%clk 1:14:11]} 19. Rb2 {[%clk 0:59:41]} Rac8
{[%clk 1:12:38]} 20. Ba5 {[%clk 0:58:11]} Nxe2+ {[%clk 1:10:25]} 21. Rxe2
{[%clk 0:58:38]} Rb8 {[%clk 1:10:13]} 22. Bc3 {[%clk 0:58:25]} h6
{[%clk 1:10:12]} 23. Rb2 {[%clk 0:58:14]} Rxb2 {[%clk 1:10:22]} 24. Bxb2
{[%clk 0:58:42]} Rd8 {[%clk 1:10:21]} 25. Bc3 {[%clk 0:57:07]} Rd3
{[%clk 1:10:01]} 26. Rc1 {[%clk 0:57:07]} f6 {[%clk 1:08:05]} 27. Kf2
{[%clk 0:55:27]} e5 {[%clk 1:08:11]} 28. Ke2 {[%clk 0:55:19]} e4 {[%clk 1:08:29]}
29. Bb2 {[%clk 0:55:02]} Kf7 {[%clk 1:06:58]} 30. Rd1 {[%clk 0:55:06]} Rxd1
{[%clk 1:07:14]} 31. Kxd1 {[%clk 0:55:34]} Ke6 {[%clk 1:07:24]} 32. Ke2
{[%clk 0:55:59]} g5 {[%clk 1:07:37]} 33. Ke3 {[%clk 0:55:36]} f5 {[%clk 1:07:46]}
34. Bg7 {[%clk 0:55:22]} h5 {[%clk 1:07:59]} 35. Bh6 {[%clk 0:55:27]} g4
{[%clk 1:06:33]} 36. Bf4 {[%clk 0:55:32]} Kd7 {[%clk 1:05:59]} 37. a4
{[%clk 0:54:57]} Ke6 {[%clk 1:06:15]} 38. Kf2 {[%clk 0:54:36]} Kd7
{[%clk 1:06:22]} 39. Kg3 {[%clk 0:54:54]} Ke6 {[%clk 1:06:13]} 40. Kh4
{[%clk 0:55:15]} Kf6 {[%clk 1:06:40]} 41. Kxh5 {[%clk 0:55:31]} 1-0

[Event "PMPJ 2022 - C17"]
[Site "Jastrzebia Gora"]
[Date "2022.11.10"]
[Round "7.23"]
[White "Wiosna, Krzysztof"]
[Black "Balcerzak, Robert"]
[Result "1-0"]
[BlackElo "1434"]
[WhiteElo "1159"]
[LiveChessVersion "1.4.8"]

1. e4 Nf6 2. e5 Nd5 3. c4 Nb6 4. d4 d6 5. f4 dxe5 6. fxe5 Bf5 7. Nc3 e6 8. Be3
Nc6 9. Be2 Be7 10. Nf3 O-O 11. O-O f6 12. exf6 Bxf6 13. Qd2 Qd7 14. Rad1 Rad8 15.
Qc1 Qe7 16. d5 exd5 17. cxd5 Nb4 18. Nd4 Bxd4 19. Rxd4 N4xd5 20. Nxd5 Nxd5 21.
Bc4 c6 22. Bg5 Qe5 23. Qf4 Qxf4 24. Rdxf4 Be6 25. Bxd5 Bxd5 26. Bxd8 Rxd8 27. a3
Re8 28. Kf2 b5 29. g3 a5 30. Re1 Rxe1 31. Kxe1 Bf7 32. Kd2 Kf8 33. Kc3 Ke7 34.
Kd4 Bd5 35. Kc5 a4 36. Rd4 Ke6 37. Rh4 h6 38. Rh5 Bf3 39. Rh4 Bd5 40. Rf4 Ke7 41.
Rf5 Bg2 42. Re5+ Kd7 43. Re2 Bd5 44. Rd2 Ke6 45. Rd4 g6 46. Rf4 Ke7 47. h4 h5 48.
g4 hxg4 49. Rxg4 Kf6 50. Rg5 Be4 51. Kd6 Bd5 52. Re5 Kg7 53. h5 gxh5 54. Rxh5 Be4
55. Rc5 Kf6 56. Rxc6 Bd3 57. Kc5+ Ke5 58. Rb6 Ke4 59. Rxb5 Bc2 60. Kb4 Kd3 61.
Ra5 Kd4 62. Rxa4 Bxa4 63. Kxa4 Kc5 64. Ka5 Kc6 65. Ka6 Kc7 66. Ka7 Kc6 67. a4 Kc5
68. a5 Kc6 69. b4 Kb5 70. a6 Kxb4 71. Kb7 Kc5 72. a7 Kd4 73. a8=Q Ke5 74. Qa6 Kd5
75. Qc6+ Ke5 76. Kc7 Kd4 77. Qb5 Ke4 78. Qc5 Kf4 79. Qd5 Ke3 80. Qc4 Kf3 81. Qd4
Kg3 82. Qf6 Kg4 83. Kd6 Kg3 84. Qf5 Kg2 85. Qf4 Kh1 86. Qd2 Kg1 87. Qe2 Kh1 88.
Ke5 Kg1 89. Kf4 Kh1 90. Kg3 Kg1 91. Qg2# 1-0

[Event "PMPJ 2022 - C17"]
[Site "Jastrzebia Gora"]
[Date "2022.11.10"]
[Round "7.24"]
[White "Mazus, Jakub"]
[Black "Kuczmik, Pawel"]
[Result "0-1"]
[BlackElo "1426"]
[WhiteElo "1430"]
[LiveChessVersion "1.4.8"]

1. e4 {[%clk 1:30:56]} d6 {[%clk 1:30:55]} 2. d4 {[%clk 1:31:19]} Nf6
{[%clk 1:31:20]} 3. Nc3 {[%clk 1:31:38]} Nbd7 {[%clk 1:31:42]} 4. f4
{[%clk 1:31:02]} e5 {[%clk 1:32:05]} 5. Nf3 {[%clk 1:31:29]} exd4
{[%clk 1:32:28]} 6. Qxd4 {[%clk 1:31:50]} c6 {[%clk 1:32:47]} 7. Be3
{[%clk 1:26:48]} d5 {[%clk 1:32:29]} 8. O-O-O {[%clk 1:27:01]} Bc5
{[%clk 1:27:14]} 9. Qd3 {[%clk 1:27:22]} O-O {[%clk 1:26:10]} 10. Ng5
{[%clk 1:15:21]} Qb6 {[%clk 1:14:51]} 11. Bxc5 {[%clk 0:58:01]} Nxc5
{[%clk 1:14:42]} 12. Qd4 {[%clk 0:58:24]} Bg4 {[%clk 1:06:18]} 13. Rd2
{[%clk 0:58:41]} dxe4 {[%clk 1:03:58]} 14. Bc4 {[%clk 0:44:49]} e3
{[%clk 1:02:21]} 15. Rdd1 {[%clk 0:43:04]} Bxd1 {[%clk 0:55:20]} 16. Rxd1
{[%clk 0:43:30]} h6 {[%clk 0:54:11]} 0-1

[Event "PMPJ 2022 - C17"]
[Site "Jastrzebia Gora"]
[Date "2022.11.10"]
[Round "7.25"]
[White "Maciejewski, Adam"]
[Black "Sewera, Wiktor"]
[Result "0-1"]
[BlackElo "1425"]
[WhiteElo "1290"]
[LiveChessVersion "1.4.8"]

1. e4 {[%clk 1:30:58]} e6 {[%clk 1:30:54]} 2. b3 {[%clk 1:31:25]} d5
{[%clk 1:30:47]} 3. Bb2 {[%clk 1:31:50]} dxe4 {[%clk 1:30:22]} 4. Nc3
{[%clk 1:32:15]} Nf6 {[%clk 1:29:25]} 5. Qe2 {[%clk 1:32:38]} Bb4
{[%clk 1:27:23]} 6. O-O-O {[%clk 1:31:44]} Bxc3 {[%clk 1:25:28]} 7. dxc3
{[%clk 1:31:58]} Qe7 {[%clk 1:24:43]} 8. g4 {[%clk 1:31:43]} h6 {[%clk 1:20:53]}
9. Bg2 {[%clk 1:30:40]} Nc6 {[%clk 1:18:09]} 10. c4 {[%clk 1:27:41]} Bd7
{[%clk 1:15:37]} 11. Kb1 {[%clk 1:20:30]} O-O-O {[%clk 1:15:05]} 12. h4
{[%clk 1:16:33]} e5 {[%clk 1:11:51]} 13. g5 {[%clk 1:04:07]} Bg4 {[%clk 1:03:14]}
14. Bh3 {[%clk 1:00:25]} Rxd1+ {[%clk 1:00:53]} 15. Qxd1 {[%clk 1:00:02]} Qe6
{[%clk 0:59:59]} 16. f3 {[%clk 0:38:10]} Bxh3 {[%clk 0:57:31]} 17. Nxh3
{[%clk 0:37:25]} Nh5 {[%clk 0:50:52]} 18. fxe4 {[%clk 0:32:36]} Ng3
{[%clk 0:50:22]} 19. Rh2 {[%clk 0:32:59]} Nxe4 {[%clk 0:49:51]} 20. Qf3
{[%clk 0:32:50]} Nd6 {[%clk 0:48:22]} 21. Re2 {[%clk 0:29:06]} f6
{[%clk 0:46:56]} 22. g6 {[%clk 0:26:59]} Qf5 {[%clk 0:42:38]} 23. Qg3
{[%clk 0:25:36]} Rd8 {[%clk 0:40:45]} 24. Bc1 {[%clk 0:23:07]} Ne7
{[%clk 0:38:01]} 25. c5 {[%clk 0:18:47]} Ne4 {[%clk 0:35:37]} 26. Qe3
{[%clk 0:19:07]} Nd5 {[%clk 0:35:35]} 0-1

[Event "PMPJ 2022 - C17"]
[Site "Jastrzebia Gora"]
[Date "2022.11.10"]
[Round "7.26"]
[White "Mazurek, Mateusz"]
[Black "Holynski, Szymon"]
[Result "1-0"]
[BlackElo "1355"]
[WhiteElo "1189"]
[LiveChessVersion "1.4.8"]

1. d4 d5 2. c4 e6 3. Nc3 Nf6 4. cxd5 Nxd5 5. e4 Nxc3 6. bxc3 Be7 7. Nf3 O-O 8.
Bd3 b6 9. O-O Bb7 10. Ne5 c5 11. Be3 Nd7 12. Nxd7 Qxd7 13. Qh5 cxd4 14. cxd4 Bf6
15. Bb5 Qe7 16. e5 Bh4 17. g3 g6 18. Qxh4 Qxh4 19. gxh4 Bf3 20. h3 a6 21. Bd3 b5
22. Rfc1 f6 23. Rc5 f5 24. Bf1 Rad8 25. Bg5 Rxd4 26. Bg2 Bxg2 27. Kxg2 f4 28. Bf6
f3+ 29. Kxf3 Rxh4 30. Kg3 g5 31. Bxg5 Rd4 32. Bf6 h5 33. Rc6 h4+ 34. Bxh4 Rf5 35.
Rg1 Rdf4 36. Kh2+ Kh7 37. Bg3 Ra4 38. Rxe6 Rxa2 39. Rf6 Rg5 40. Re1 b4 41. Rb6
Rc2 42. Rxb4 a5 43. Rh4+ Kg7 44. Rg4 Rxg4 45. hxg4 a4 46. Ra1 Kf7 47. Rxa4 Re2
48. Kg2 Rc2 49. Re4 Ke6 50. Kf3 Rc3+ 51. Re3 Rc4 52. Re4 Rc3+ 53. Kf4 Rc8 54. g5
Rf8+ 55. Kg4 Rg8 56. f4 Kf7 57. f5 Ra8 58. g6+ Kg7 59. Kg5 Ra3 60. f6+ Kh8 61.
g7+ 1-0

[Event "PMPJ 2022 - C17"]
[Site "Jastrzebia Gora"]
[Date "2022.11.11"]
[Round "8.1"]
[White "Taranowicz, Michal"]
[Black "Kotowicz, Kamil"]
[Result "1/2-1/2"]
[BlackElo "1775"]
[WhiteElo "1797"]
[LiveChessVersion "1.4.8"]

1. e4 {[%clk 1:30:58]} c6 {[%clk 1:30:53]} 2. Nf3 {[%clk 1:31:23]} d5
{[%clk 1:31:15]} 3. Nc3 {[%clk 1:31:49]} Bg4 {[%clk 1:31:34]} 4. h3
{[%clk 1:32:13]} Bxf3 {[%clk 1:31:59]} 5. Qxf3 {[%clk 1:32:38]} e6
{[%clk 1:32:25]} 6. d3 {[%clk 1:33:01]} Nd7 {[%clk 1:28:05]} 7. Bd2 Ngf6
{[%clk 1:18:37]} 8. g4 {[%clk 1:33:07]} h6 {[%clk 1:18:18]} 9. Rg1
{[%clk 1:32:49]} Bd6 {[%clk 1:11:03]} 10. O-O-O {[%clk 1:27:56]} Qe7
{[%clk 1:06:05]} 11. g5 hxg5 {[%clk 1:03:53]} 12. Bxg5 {[%clk 1:25:57]} d4
{[%clk 0:54:39]} 13. Ne2 {[%clk 1:26:05]} c5 {[%clk 0:54:28]} 14. Qg2
{[%clk 1:24:34]} O-O-O {[%clk 0:52:37]} 15. f4 {[%clk 1:24:32]} e5
{[%clk 0:52:00]} 16. fxe5 {[%clk 1:20:18]} Bxe5 {[%clk 0:51:31]} 17. Nf4
{[%clk 1:18:42]} Qd6 {[%clk 0:50:46]} 18. Qf3 {[%clk 1:17:45]} Rdg8
{[%clk 0:45:50]} 19. h4 {[%clk 1:15:41]} Nh7 {[%clk 0:40:26]} 20. Nd5
{[%clk 1:15:24]} Nxg5 {[%clk 0:38:55]} 21. hxg5 {[%clk 1:14:09]} Rf8
{[%clk 0:36:31]} 22. Bh3 {[%clk 1:14:24]} Kb8 {[%clk 0:36:40]} 23. Bxd7
{[%clk 1:12:26]} Qxd7 {[%clk 0:37:02]} 24. Rdf1 {[%clk 1:11:57]} Qd6
{[%clk 0:20:32]} 25. Rf2 {[%clk 1:10:17]} f6 {[%clk 0:13:34]} 26. Rgf1
{[%clk 1:06:08]} a6 {[%clk 0:13:04]} 27. gxf6 {[%clk 1:04:59]} Bxf6
{[%clk 0:12:04]} 28. Qg2 {[%clk 1:00:06]} Ka7 {[%clk 0:08:39]} 29. Nxf6
{[%clk 0:58:03]} gxf6 {[%clk 0:06:11]} 30. Rf5 {[%clk 0:58:01]} Rfg8
{[%clk 0:06:14]} 31. Qf3 {[%clk 0:57:42]} Rg3 32. Qf4 {[%clk 0:57:46]} Qxf4+
{[%clk 0:04:57]} 33. R5xf4 {[%clk 0:57:51]} Rh2 {[%clk 0:05:05]} 34. R4f2
{[%clk 0:57:54]} Rxf2 {[%clk 0:05:04]} 35. Rxf2 {[%clk 0:58:20]} Rg6
{[%clk 0:05:28]} 36. b3 {[%clk 0:57:44]} Kb6 {[%clk 0:05:40]} 37. Kb2
{[%clk 0:57:38]} Kc6 {[%clk 0:06:07]} 38. Rf5 {[%clk 0:57:45]} Rh6
{[%clk 0:05:52]} 39. a3 {[%clk 0:57:43]} b5 {[%clk 0:03:53]} 40. b4
{[%clk 0:57:39]} c4 {[%clk 0:03:57]} 41. dxc4 {[%clk 0:57:19]} bxc4
{[%clk 0:04:22]} 42. Rc5+ {[%clk 0:57:45]} Kd6 {[%clk 0:04:26]} 43. Rd5+
{[%clk 0:58:02]} Kc6 {[%clk 0:03:13]} 44. Rxd4 {[%clk 0:58:26]} Kb5
{[%clk 0:03:23]} 45. Rd5+ {[%clk 0:58:50]} Kb6 {[%clk 0:03:38]} 46. Rc5
{[%clk 0:59:15]} Rh4 {[%clk 0:04:00]} 47. Rxc4 {[%clk 0:59:08]} f5
{[%clk 0:04:17]} 48. Rd4 {[%clk 0:59:23]} fxe4 {[%clk 0:04:22]} 49. a4
{[%clk 0:59:20]} Kc6 {[%clk 0:03:57]} 50. c4 {[%clk 0:58:23]} a5 {[%clk 0:03:26]}
51. bxa5 {[%clk 0:57:09]} Kc5 {[%clk 0:03:11]} 52. Rd8 {[%clk 0:55:53]} Kxc4
{[%clk 0:03:08]} 53. a6 {[%clk 0:56:17]} Rh2+ {[%clk 0:02:05]} 54. Kc1
{[%clk 0:56:17]} Rh7 {[%clk 0:01:43]} 55. Kd2 {[%clk 0:55:00]} Ra7
{[%clk 0:01:39]} 56. Ke3 {[%clk 0:55:24]} Rxa6 {[%clk 0:01:39]} 57. Rd4+
{[%clk 0:55:51]} Kb3 {[%clk 0:01:54]} 58. Kxe4 {[%clk 0:56:15]} Rxa4
{[%clk 0:02:18]} 59. Rxa4 {[%clk 0:56:36]} Kxa4 {[%clk 0:02:44]} 1/2-1/2

[Event "PMPJ 2022 - C17"]
[Site "Jastrzebia Gora"]
[Date "2022.11.11"]
[Round "8.2"]
[White "Kozlowski, Franciszek"]
[Black "Biesiadecki, Adam"]
[Result "1/2-1/2"]
[BlackElo "1706"]
[WhiteElo "1842"]
[LiveChessVersion "1.4.8"]

1. d4 {[%clk 1:30:28]} Nf6 {[%clk 1:30:52]} 2. c4 {[%clk 1:30:45]} c5
{[%clk 1:31:16]} 3. e3 {[%clk 1:29:24]} e6 {[%clk 1:31:04]} 4. Nf3
{[%clk 1:29:41]} b6 {[%clk 1:29:50]} 5. Nc3 {[%clk 1:28:30]} Bb7 {[%clk 1:30:02]}
6. d5 {[%clk 1:27:02]} d6 {[%clk 1:27:45]} 7. e4 {[%clk 1:25:45]} e5
{[%clk 1:26:14]} 8. Be2 {[%clk 1:24:12]} g6 {[%clk 1:24:01]} 9. O-O
{[%clk 1:23:55]} Bg7 {[%clk 1:24:03]} 10. Ne1 {[%clk 1:21:33]} Nbd7
{[%clk 1:18:23]} 11. g3 {[%clk 1:21:28]} O-O {[%clk 1:14:25]} 12. Ng2
{[%clk 1:21:54]} Ne8 {[%clk 1:13:18]} 13. h4 {[%clk 1:19:01]} f5 {[%clk 1:12:53]}
14. Bg5 {[%clk 1:15:54]} Ndf6 {[%clk 1:08:21]} 15. h5 {[%clk 1:10:23]} h6
{[%clk 1:01:15]} 16. Bxf6 {[%clk 1:10:25]} Nxf6 {[%clk 0:54:38]} 17. hxg6
{[%clk 1:07:30]} Nxe4 {[%clk 0:48:13]} 18. Nxe4 {[%clk 1:07:46]} fxe4
{[%clk 0:48:39]} 19. Qc2 {[%clk 1:06:59]} Qg5 {[%clk 0:38:56]} 20. Qxe4
{[%clk 1:05:06]} Bc8 {[%clk 0:38:42]} 21. Ne3 {[%clk 0:56:58]} Bh3
{[%clk 0:32:56]} 22. Rfe1 {[%clk 0:54:57]} Rf6 {[%clk 0:27:12]} 23. Bf1
{[%clk 0:44:07]} Bxf1 {[%clk 0:26:41]} 24. Rxf1 {[%clk 0:43:33]} Raf8
{[%clk 0:23:37]} 25. Qg4 {[%clk 0:40:18]} Qxg4 {[%clk 0:21:41]} 26. Nxg4
{[%clk 0:40:47]} Rxg6 {[%clk 0:22:02]} 27. Ne3 {[%clk 0:40:37]} h5
{[%clk 0:21:05]} 28. Kg2 {[%clk 0:39:24]} Bh6 {[%clk 0:19:08]} 29. Rh1
{[%clk 0:33:34]} Bxe3 {[%clk 0:18:54]} 30. fxe3 {[%clk 0:33:59]} Rf5
{[%clk 0:18:25]} 31. Raf1 {[%clk 0:32:10]} Rxf1 {[%clk 0:16:33]} 32. Rxf1
{[%clk 0:32:36]} h4 {[%clk 0:16:10]} 33. Rf3 {[%clk 0:31:33]} e4 {[%clk 0:15:17]}
34. Rf4 {[%clk 0:31:44]} Rxg3+ {[%clk 0:15:41]} 35. Kf2 {[%clk 0:32:08]} Rh3
{[%clk 0:16:03]} 36. Rxe4 {[%clk 0:32:32]} Rh2+ {[%clk 0:16:06]} 37. Kf3
{[%clk 0:32:50]} Rxb2 {[%clk 0:16:21]} 38. Rxh4 {[%clk 0:33:13]} Rxa2
{[%clk 0:16:19]} 39. Rh6 {[%clk 0:33:33]} Rc2 {[%clk 0:16:05]} 40. Rxd6
{[%clk 0:33:44]} Rxc4 {[%clk 0:16:30]} 41. e4 {[%clk 0:32:46]} b5
{[%clk 0:15:31]} 42. Kf4 {[%clk 0:32:12]} b4 {[%clk 0:15:42]} 43. Rd8+
{[%clk 0:25:46]} Kf7 {[%clk 0:09:56]} 44. Rd7+ {[%clk 0:25:15]} Kf6
{[%clk 0:09:18]} 45. Rxa7 {[%clk 0:21:42]} b3 {[%clk 0:08:52]} 46. Ra6+
{[%clk 0:22:01]} Kf7 {[%clk 0:08:46]} 47. Ra1 {[%clk 0:20:57]} Rb4
{[%clk 0:05:25]} 48. Ke3 {[%clk 0:21:13]} Kf6 {[%clk 0:04:43]} 49. Ra6+
{[%clk 0:21:33]} Ke7 {[%clk 0:04:34]} 50. Ra1 {[%clk 0:22:00]} Kd6
{[%clk 0:04:43]} 51. Kd3 {[%clk 0:21:49]} Ke5 {[%clk 0:04:45]} 52. Kc3
{[%clk 0:21:27]} Rxe4 {[%clk 0:02:57]} 53. Kxb3 {[%clk 0:21:48]} Kxd5
{[%clk 0:03:21]} 54. Rd1+ {[%clk 0:21:35]} Rd4 {[%clk 0:03:42]} 55. Rh1
{[%clk 0:21:38]} Rd3+ {[%clk 0:04:03]} 56. Kc2 {[%clk 0:22:00]} Rd4
{[%clk 0:04:18]} 1/2-1/2

[Event "PMPJ 2022 - C17"]
[Site "Jastrzebia Gora"]
[Date "2022.11.11"]
[Round "8.3"]
[White "Krasniewski, Szymon"]
[Black "Karut, Kacper"]
[Result "1/2-1/2"]
[BlackElo "1794"]
[WhiteElo "1645"]
[LiveChessVersion "1.4.8"]

1. g3 {[%clk 1:30:59]} d5 {[%clk 1:30:26]} 2. Bg2 {[%clk 1:31:23]} Nf6
{[%clk 1:30:15]} 3. Nf3 {[%clk 1:31:29]} c5 {[%clk 1:25:11]} 4. O-O
{[%clk 1:31:52]} Nc6 {[%clk 1:25:23]} 5. d3 {[%clk 1:31:23]} Bf5 {[%clk 1:19:06]}
6. Nc3 {[%clk 1:30:51]} e6 {[%clk 1:16:26]} 7. Re1 {[%clk 1:30:22]} h6
{[%clk 1:11:56]} 8. Nh4 {[%clk 1:22:40]} Bh7 {[%clk 1:11:54]} 9. e4
{[%clk 1:22:27]} dxe4 {[%clk 1:10:06]} 10. Nxe4 {[%clk 1:22:47]} Be7
{[%clk 1:09:13]} 11. Nc3 {[%clk 1:15:02]} O-O {[%clk 1:08:02]} 12. Nf3
{[%clk 1:13:17]} Nd5 {[%clk 0:56:08]} 13. Nxd5 {[%clk 1:11:02]} exd5
{[%clk 0:56:02]} 14. d4 {[%clk 1:03:21]} cxd4 {[%clk 0:37:56]} 15. Nxd4
{[%clk 1:03:00]} Nxd4 {[%clk 0:37:15]} 16. Qxd4 {[%clk 1:03:24]} Bxc2
{[%clk 0:37:04]} 17. Bf4 {[%clk 0:59:25]} Bf6 {[%clk 0:34:48]} 18. Be5
{[%clk 0:59:19]} Bxe5 {[%clk 0:31:59]} 19. Rxe5 {[%clk 0:59:12]} Be4
{[%clk 0:31:12]} 20. Bxe4 {[%clk 0:59:04]} dxe4 {[%clk 0:31:36]} 21. Rxe4
{[%clk 0:58:45]} Qc7 {[%clk 0:30:10]} 22. Rae1 {[%clk 0:57:26]} Qa5
{[%clk 0:27:24]} 23. Qa4 {[%clk 0:54:43]} Qb6 {[%clk 0:25:29]} 24. Qb4
{[%clk 0:53:59]} Rfd8 {[%clk 0:22:46]} 25. Qxb6 {[%clk 0:52:49]} axb6
{[%clk 0:23:14]} 26. a3 {[%clk 0:52:39]} Rd2 {[%clk 0:23:08]} 27. R1e2
{[%clk 0:52:22]} Rad8 {[%clk 0:22:38]} 28. Rxd2 {[%clk 0:52:09]} Rxd2
{[%clk 0:23:06]} 29. Rb4 {[%clk 0:52:32]} Rd6 {[%clk 0:23:32]} 30. Kg2
{[%clk 0:52:40]} Kf8 {[%clk 0:23:56]} 31. Kf3 {[%clk 0:52:33]} Ke7
{[%clk 0:24:14]} 32. Ke3 {[%clk 0:52:45]} Rc6 {[%clk 0:21:18]} 33. Kd3
{[%clk 0:52:55]} Kd7 {[%clk 0:20:01]} 34. a4 {[%clk 0:52:31]} Rf6
{[%clk 0:19:02]} 35. Ke3 {[%clk 0:50:45]} Kc6 {[%clk 0:18:02]} 36. Rc4+
{[%clk 0:50:53]} Kd7 {[%clk 0:16:42]} 37. Rg4 {[%clk 0:49:46]} g6
{[%clk 0:16:20]} 38. Rh4 {[%clk 0:50:04]} Re6+ {[%clk 0:15:29]} 39. Kd3
{[%clk 0:49:18]} h5 {[%clk 0:15:27]} 40. Rf4 {[%clk 0:49:35]} f6 {[%clk 0:15:18]}
41. Rb4 {[%clk 0:48:55]} 1/2-1/2